000 01372nam0a2200325 4500
001 RU\NLR\bibl\381545
005 20250622153801.0
010 _a5-16-001443-8
_94000
021 _aRU
_b2003-22338
_91040
035 _a(NLR Aleph) 000375949
090 _a425163
_c425163
100 _a20030327d2003 |||y0rusy50 ca
101 0 _arus
102 _aRU
105 _aa |||||||||
200 1 _aМикроэкономика
_eУчеб. пособие
_eДля студентов экон. спец. вузов
_fН.И. Базылев, С.П. Гурко, М.Н. Базылева
210 _aМ.
_cИНФРА-М
_d2003
215 _a204 с.
_cил.
_d20
225 1 _aВысшее образование
606 0 _aМикроэкономика
_jРуководства, пособия и т.п. для высшей школы
_91617943
_3RU\NLR\auth\66713621
606 0 _aМикроэкономика
_jУчебные издания для высшей школы
_91617943
_3RU\NLR\auth\66713621
686 _aУ010.4я73
700 1 _aБазылев
_bН. И.
_gНиколай Иванович
_4070
701 1 _aГурко
_bС. П.
_gСергей Петрович
_4070
701 1 _aБазылева
_bМ. Н.
_gМарина Николаевна
_4070
801 0 _aRU
_bNLR
_c20030327
_gPSBO
801 1 _aRU
_bNLR
_c20030327
942 _cBOOK
980 _aNB